000 01232cad a22002655a 4500
001 L156429
008 120517s2012 xxk f 000 0 eng d
035 _a(Sirsi) u156429
041 0 _aeng
110 0 _aMcGraw-Hill Construction
_95916
245 0 0 _aPrefabrication and modularization
_bincreasing productivity in the construction industry
_h[electronic resource]
260 _a[S.l.]
_bMcGraw-Hill
_c2012
490 0 _aSmartMarket Report
520 _aThis market research report examines how prefabrication/modularization can improve productivity in construction in areas such as project schedule, costs, safety, quality and waste reduction. Technologies such as BIM enable better integration of prefabricated/modular components; sustainability; innovative offsite techniques.
590 _aKA
650 2 4 _aBUILDING INFORMATION MODELLING
650 2 4 _aBIM
_96219
651 4 _aNorth America
690 _aConstruction management
_96230
690 _aBIM
_96219
710 1 _aAutodesk
710 1 _aAmerican Society of Civil Engineers
_93104
856 4 0 _uhttps://construction.com/market_research/FreeReport/PrefabSMR/
_zFree registration here to download the market research report ://construction.com
942 _n0
999 _c114251
_d114251